| 000 | 00446nam a22001457a 4500 | ||
|---|---|---|---|
| 027 | _qHard Cover. | ||
| 040 | _cSINES-NUST. | ||
| 082 |
_a620.0011 _bJAV |
||
| 100 |
_aAhmad Javaid. _998949 |
||
| 245 |
_aAnalysis of Vestibulo-Ocular effects on Motion Sickness in Flight Simulation / _cJavaid, Ahmed |
||
| 260 |
_aIslamabad: _bSINES-NUST, _c2022. |
||
| 300 |
_a143. : _bill. ; _c35cm. |
||
| 650 |
_xMS-System Engineering. _981372 |
||
| 942 |
_2ddc _cTHE |
||
| 999 |
_c591426 _d591426 |
||